Աշխարհի Երկրներ - Statistics

General Stats
  • This quiz has been taken 36 times
  • The average score is 68 of 196
Answers on the Map
Answers color-coded by a green-red scale on the quiz's map according to % correct below.
 
Answer Stats
Country % Correct
Հայաստան
100%
Չինաստան
92%
Վրաստան
92%
Հնդկաստան
92%
Իրան
92%
Ռուսաստան
92%
Ֆրանսիա
85%
Իրաք
85%
Բելառուս
77%
Կանադա
77%
Գերմանիա
77%
Իտալիա
77%
Պակիստան
77%
Իսպանիա
77%
Ուկրաինա
77%
Ադրբեջան
69%
Բելգիա
69%
Ֆինլանդիա
69%
Իռլանդիա
69%
Լատվիա
69%
Լիբանան
69%
Պորտուգալիա
69%
Շվեդիա
69%
Սիրիա
69%
Թուրքիա
69%
Ամերիկայի Միացյալ Նահանգներ
69%
Եմեն
69%
Էստոնիա
69%
Ավստրալիա
62%
Ավստրիա
62%
Բրազիլիա
62%
Չիլի
62%
Դանիա
62%
Եգիպտոս
62%
Հունաստան
62%
Ճապոնիա
62%
Լիտվա
62%
Մեքսիկա
62%
Նորվեգիա
62%
Օման
62%
Լեհաստան
62%
Սուդան
62%
Աֆղանստան
54%
Բանգլադեշ
54%
Չադ
54%
Կիպրոս
54%
Չեխիա
54%
Հունգարիա
54%
Իսլանդիա
54%
Ղազախստան
54%
Մադագասկար
54%
Մոլդովա
54%
Պերու
54%
Կատար
54%
Հարավային Կորեա
54%
Շվեյցարիա
54%
Թաիլանդ
54%
Արաբական Միացյալ Էմիրություններ
54%
Միացյալ Թագավորություն
54%
Ալբանիա
46%
Արգենտինա
46%
Բուլղարիա
46%
Կուբա
46%
Ինդոնեզիա
46%
Իսրայել
46%
Լիբիա
46%
Հյուսիսային Մակեդոնիա
46%
Հյուսիսային Կորեա
46%
Ռումինիա
46%
Սերբիա
46%
Սլովակիա
46%
Սլովենիա
46%
Ուրուգվայ
46%
Ուզբեկստան
46%
Խորվաթիա
46%
Կոլոմբիա
38%
Կոնգոյի Դեմոկրատական Հանրապետություն
38%
Գանա
38%
Ղրղզստան
38%
Լյուքսեմբուրգ
38%
Մոնակո
38%
Մոնղոլիա
38%
Չեռնոգորիա
38%
Նեպալ
38%
Նիդերլանդեր
38%
Նոր Զելանդիա
38%
Նիգեր
38%
Պարագվայ
38%
Կոնգոյի Հանրապետություն
38%
Սաուդյան Արաբիա
38%
Տաջիկստան
38%
Թունիս
38%
Վենեսուելա
38%
Վիետնամ
38%
Ալժիր
31%
Անդորա
31%
Բոլիվիա
31%
Բոսնիա և Հերցեգովինա
31%
Էկվադոր
31%
Եթովպիա
31%
Հորդանան
31%
Կոսովո
31%
Լաոս
31%
Լիխտենշտայն
31%
Մալդիվներ
31%
Մալի
31%
Մալթա
31%
Մարոկկո
31%
Նիգերիա
31%
Պապուա Նոր Գվինեա
31%
Ֆիլիպիններ
31%
Հարավային Աֆրիկա
31%
Թուրքմենստան
31%
Վատիկան
31%
Անգոլա
23%
Բութան
23%
Մյանմա
23%
Գայանա
23%
Քուվեյթ
23%
Մալայզիա
23%
Նամիբիա
23%
Պանամա
23%
Սան Մարինո
23%
Սոմալի
23%
Շրի Լանկա
23%
Տանզանիա
23%
Զամբիա
23%
Բահրեյն
15%
Բելիզ
15%
Կամերուն
15%
Կոստա Ռիկա
15%
Դոմինիկա
15%
Դոմինիկյան Հանրապետություն
15%
Էրիթրեա
15%
Ֆիջի
15%
Գաբոն
15%
Գվինեա
15%
Քենիա
15%
Մոզամբիկ
15%
Սենեգալ
15%
Հարավային Սուդան
15%
Թայվան
15%
Զիմբաբվե
15%
Բահամյան Կղզիներ
8%
Բարբադոս
8%
Բենին
8%
Բոտսվանա
8%
Բուրկինա Ֆասո
8%
Բուրունդի
8%
Կամբոջա
8%
Կոտ դ՝Իվուար
8%
Սալվադոր
8%
Գրենադա
8%
Գվատեմալա
8%
Հայիթի
8%
Հոնդուրաս
8%
Ճամայկա
8%
Լիբերիա
8%
Մալավի
8%
Մավրիտանիա
8%
Նիկարագուա
8%
Սենտ Քիթս և Նևիս
8%
Սենտ Լյուսիա
8%
Սենտ Վինսենթ և Գրենադիններ
8%
Սեյշելյան Կղզիներ
8%
Սինգապուր
8%
Սուրինամ
8%
Տոգո
8%
Տոնգա
8%
Տրինիդադ և Տոբագո
8%
Ուգանդա
8%
Անտիգուա և Բարբուդա
0%
Բրունեյ
0%
Կաբո Վերդե
0%
Կենտրոնաֆրիկյան Հանրապետություն
0%
Կոմորյան Կղզիներ
0%
Ջիբութի
0%
Արևելյան Թիմոր
0%
Հասարակածային Գվինեա
0%
Միկրոնեզիայի Ֆեդերատիվ Նահանգներ
0%
Գամբիա
0%
Գվինեա Բիսաու
0%
Կիրիբատի
0%
Լեսոթո
0%
Մարշալյան Կղզիներ
0%
Մավրիկոս
0%
Նաուրու
0%
Պալաու
0%
Ռուանդա
0%
Սամոա
0%
Սան Տոմե և Պրինցիպե
0%
Սիերա Լեոնե
0%
Սողոմոնյան Կղզիներ
0%
Էսվատինի
0%
Վանուատու
0%
Տուվալու
0%
No matching quizzes found
Score Distribution
Percent of People with Each Score
Percentile by Number Answered
Your Score History
You have not taken this quiz